000 00632nam a2200229Ia 4500
003 OSt
005 20221007073429.0
006 a|||||r|||| 00| 0
007 ta
008 221006b |||||||| |||| 00| 0 eng d
024 _a20,874
037 _cTextual
040 _aFLL
_cFLL
_beng
041 _2eng
_aeng
082 _aF53:Z2qN54, L5
100 _aTrivedi H.D. Au.
_9692214
245 0 _aPrevention of food adulteration act, 1954
260 _aLucknow
_bEastern book company India
_c1975
300 _a658p
_ccm.
942 _hF53:Z2qN54, L5
_cTEXL
_2CC
999 _c1148722
_d1148722